000 00775cam a22002537a 4500
003 CHAP
005 20220329134318.0
008 971013s1978 r 00010 d
010 _a18560
011 _a19532
035 _a23617
040 _cCHAP
082 _a635.13
_bB6
100 0 0 _aBohec, J. Le.
_913427
245 1 3 _aLa carotte ; techniques modernes de production
260 _aParis :
_bInstitut National de Vulgarization pour les Fruits, Legumes et Champignons,
_c1978
300 _a123 p.
_b: ilus.
590 _aBATCH-UPD
_b10
_c20130110
_lUCH01
_h2146
590 _aCONVERSION
_b10
_c20130109
_lUCH01
_h1311
650 1 4 _aZanahoria.
_9123576
901 _aBK
942 _cLIBRO
949 _a635.13 B6
_bBC
_cLIBRO
_d33724000250965
_eLIBRO
_h59304
_i23617
_sb
_t337.00
999 _c18560
_d18560